Cách dùng từ ngữ và thuật ngữ kinh tế Việt - Anh
Wedi'i Gadw mewn:
| Prif Awdur: | |
|---|---|
| Fformat: | Llyfr |
| Cyhoeddwyd: |
Thanh niên
2003
|
| Tagiau: |
Ychwanegu Tag
Dim Tagiau, Byddwch y cyntaf i dagio'r cofnod hwn!
|
| Thư viện lưu trữ: | Mạng thư viện Đại học Đà Nẵng |
|---|
| LEADER | 00590nam a2200229 a 4500 | ||
|---|---|---|---|
| 001 | 000029265 | ||
| 003 | 17036 | ||
| 005 | 20171030145630.0 | ||
| 008 | 171030s2003 | ||
| 020 | |c 40000 | ||
| 040 | |a LTT | ||
| 082 | 0 | |a 330.03 |b NG-K | |
| 100 | 1 | |a Nguyễn Trùng Khánh | |
| 245 | 0 | 0 | |a Cách dùng từ ngữ và thuật ngữ kinh tế Việt - Anh |c Nguyễn Trùng Khánh. |
| 260 | |b Thanh niên |c 2003 | ||
| OWN | |a LTT | ||
| 999 | |a From the UDN01 | ||
| TYP | |a Monograph | ||
| TYP | |a Printed language | ||
| 980 | |a Mạng thư viện Đại học Đà Nẵng | ||